IV LIGA GRUPA ZACH (Małopolska) - Statystyki

Ogólne statystyki
  • Ten quiz został rozwiązany 44 razy
  • Średni wynik to 8 z 18
Statystyki odpowiedzi
Miejscowość z którego pochodzi klub Odpowiedź % Poprawnych
Oświęcim D&R Unia Oświęcim
84%
Pcim Pcimianka Pcim
63%
Myślenice Dalin Myślenice
58%
Jaśkowice Wiślanie Jaśkowice
55%
Andrychów Beskid Andrychów
50%
Ryczów Orzeł Ryczów
50%
Kraków Cracovia II
45%
Słomniki Słomniczanka Słomniki
45%
Trzebinia MKS Trzebinia
42%
Skawina Skawinka Skawina
42%
Kocmyrzów Sokół Kocmyrzów
34%
Kraków Clepardia Kraków
32%
Kraków Wisła II Kraków
32%
Staniątki Czarni Staniątki
29%
Kraków Orzeł Piaski Wielkie Kraków
29%
Węgrzce Węgrzcanka Węgrzce Wielkie
26%
Jawiszowice LKS Jawiszowice
24%
Rajsko LKS Rajsko
11%
Nie znaleziono quizów pasujących do podanych kryteriów
Rozkład punktacji
Procent ludzi z każdym wynikiem
Percentyl według liczby udzielonych odpowiedzi
Twoja historia wyników
Nie rozwiązałeś tego quizu